Select documents illustrating the four voyages of Columbus (Record no. 57356)

MARC details
000 -LEADER
campo de control de longitud fija 00919nam a2200205 i 4500
001 - NÚMERO DE CONTROL
campo de control 57356
003 - IDENTIFICADOR DE NÚMERO DE CONTROL
campo de control ES-MaACL
005 - FECHA Y HORA DE LA ÚLTIMA TRANSACCIÓN
campo de control 20230906163548.0
007 - CAMPO FIJO DE DESCRIPCIÓN FÍSICA--INFORMACIÓN GENERAL
campo de control de longitud fija t|
008 - DATOS DE LONGITUD FIJA--INFORMACIÓN GENERAL
campo de control de longitud fija 031016s1930 xxk ||||1| eng d
245 00 - MENCIÓN DEL TÍTULO
Título Select documents illustrating the four voyages of Columbus
Resto del título : including those contained in R.H. Majors select letters of Christopher Columbus /
Mención de responsabilidad, etc. translated and edited with additional material an introduction and notes by Cecil Jane.
260 ## - PUBLICACIÓN, DISTRIBUCIÓN, ETC.
Lugar de publicación, distribución, etc. London :
Nombre del editor, distribuidor, etc. Harkluyl Society,
Fecha de publicación, distribución, etc. 1930.
300 ## - DESCRIPCIÓN FÍSICA
Extensión 2 v. ;
Dimensiones 22 cm.
505 8# - NOTA DE CONTENIDO CON FORMATO
Nota de contenido con formato Contiene: V. I.: The first and second voyages. -- T. II.: The third and fourth voyages with a supplementary introduction / by E.G.R. Taylor
600 14 - PUNTO DE ACCESO ADICIONAL DE MATERIA--NOMBRE DE PERSONA
Nombre de persona Colón, Cristóbal.
9 (RLIN) 39869
651 #4 - PUNTO DE ACCESO ADICIONAL DE MATERIA--NOMBRE GEOGRÁFICO
Nombre geográfico América-
Subdivisión general Descubrimientos y exploraciones-
-- Españoles.
9 (RLIN) 138324
700 1# - ENTRADA AGREGADA--NOMBRE PERSONAL
Nombre de persona Taylor, E. G. R.
9 (RLIN) 109439
700 1# - ENTRADA AGREGADA--NOMBRE PERSONAL
Nombre de persona Jane, Cecil.
9 (RLIN) 65997
852 ## - LOCALIZACIÓN
Ubicación ES-MaACL
Número de control de estantería A-2668-69
Holdings
Estatus retirado Estado de pérdida Estado de daño No para préstamo Biblioteca de origen Biblioteca actual Ubicación en estantería Fecha de adquisición Fuente de adquisición Total de préstamos Signatura topográfica completa Código de barras Visto por última vez Precio de reemplazo Tipo de ítem Koha
        Biblioteca del Ateneo de Madrid Biblioteca del Ateneo de Madrid Sala Pecera Planta 1 17/01/2008     A-2668-69 1060218 23/02/2023 23/02/2023 Libro impreso